Suomen presidentit - kuvavisa - Statistics

Yleistilastot
  • Tätä visaa on pelattu 503 kertaa
  • Keskiarvotulos 9 / 12
Vastaustilastot
Kuvavisa Vastaus % Oikein
Tarja Halonen
99%
Urho Kekkonen
88%
Carl Gustaf Emil Mannerheim
87%
Mauno Koivisto
80%
Martti Ahtisaari
79%
Sauli Niinistö
78%
Risto Ryti
74%
J.K Paasikivi
68%
Lauri Kristian Relander
68%
K.J. Ståhlberg
67%
Kyösti Kallio
61%
P.E. Svinhufvud
49%
Ehtoja vastaavia visoja ei löytynyt
Tulosjakauma
Jokaisen tuloksen saaneiden osuus
Persentiili vastausten määrän mukaan
Tuloshistoriasi
Et ole pelannut tätä visaa